| 000 | 00517nam a2200157Ia 4500 | ||
|---|---|---|---|
| 008 | 220217s9999 xx 000 0 und d | ||
| 100 | _aSreeja, S. | ||
| 245 | 0 | _aScreening of Hevea germplasm for DNR markers using RAPD analysis | |
| 260 |
_bPeriyar University _a Salem _c2003 |
||
| 300 | _a37 | ||
| 500 | _aAvailable in Biotechnology | ||
| 500 | _aCourse: M.Sc. | ||
| 700 | _aDr A Thulaseedharan | ||
| 850 | _aDept. of Biotechnology, Vivekanandha College of Arts and Science for Women, Tiruchengode | ||
| 942 | _cTS | ||
| 999 |
_c74241 _d74241 |
||